000 01046nam a2200301 i 4500
003 EG-GICUC
005 20260121101510.0
008 251216s1904 fr ||| fr|| 00000 uefredd
040 _aEG-GiCUC
_bfre
_cEG-GiCUC
_dEG-GiCUC
_erda
082 0 4 _221
_a338.47
_bAF . C
092 0 4 _221
099 _aLaw1 13 338.47 AF . C 1904
100 1 _aAftalion, Albert
_eAuthor.
245 0 1 _aLa Crise De L'industrie Linière :
_bEt La Concurrence Victorieuse De L'industrie Cotonnière /
_cAlbert Aftalion
250 _a
264 _aParis :
_bLibranje De La Société Du Recueil General Des Lois Et Des Arrets Et Du Journal Du Palais ,
_c1904.
300 _a183pages :
_billustrations ؛
_c24 cm
336 _2rda content
_atext
337 _2rda media
_aComputer
338 _2rda carrier
_aOnline Resource
504 _a
546 _aTexte en français
650 1 4 _aFinances publiques et législation fiscale
_2
651 1 _2
856 4 0 _uhttps://fll.law.cu.edu.eg/fulltext/bks/B13-08668.pdf
905 _a50
942 _2ddc
_cBK
_e21
_n0
999 _c50833
_d50833